000 00524nam a22001937a 4500
005 20140303155040.0
010 _aENG-108702
020 _c275.00
_a9789380722016
035 _aEN-92235
037 _bDBAD/PUB
082 _a658
245 _aManagement /
_cby R.C.S. Rajpurohit...[et al]
250 _a3rd rev. ed
260 _aJaipur
_bAjmera Book
_c2013
270 _aTripolia Bazar
_bJaipur
_e302002
300 _a448,56p.
_c24cm(pbk)
700 _aRajpurohit,R.C.S.
942 _2ddc
_cEN
_mMAN
_h658
999 _c80976
_d80976